000 00324nam a2200109Ia 4500
008 171211s9999 xx 000 0 und d
245 _aAll About Thailand: Stories, Songs, Crafts and Games for Kids
245 _cElaine Russell
260 _c2016
650 _xHobbies
856 _uhttp://down.ebook777.com/064/0804844275.pdf
999 _c350321
_d350321